Plus grandes villes américaines par États - Statistiques

Statistiques générales
  • Ce quiz a été pris 753 fois
  • Le résultat moyen est 54 sur 250
Statistiques - réponses
Population Ville % Correct
New York 8,622,698 New York
95%
Californie 3,99,759 Los Angeles
94%
Illinois 2,716,450 Chicago
88%
Floride 463,347 Miami
87%
Californie 884,363 San Francisco
87%
Massachusetts 685,094 Boston
82%
Nevada 641,676 Las Vegas
82%
Nevada 242,975 North Las Vegas
82%
Texas 1,341,047 Dallas
80%
Washington 724,745 Seattle
79%
Californie 1,419,516 San Diego
77%
Colorado 704,621 Denver
76%
Texas 2,312,717 Houston
76%
Michigan 673,104 Detroit
73%
Indiana 863,002 Indianapolis
73%
Pennsylvania 1,580,863 Philadelphie
73%
Arizona 1,626,078 Phoenix
73%
Géorgie 486,290 Atlanta
70%
Louisiane 393,292 La Nouvelle-Orléans
69%
Oklahoma 643,648 Oklahoma City
67%
Maine 66,882 Portland
65%
Oregon 647,805 Portland
65%
Maine 25,483 South Portland
65%
Texas 950,715 Austin
64%
Hawaï 350,593 Honolulu
64%
Kansas 152,938 Kansas City
63%
Missouri 488,943 Kansas City
63%
Floride 280,257 Orlando
62%
Utah 200,544 Salt Lake City
62%
Texas 1,511,946 San Antonio
62%
Louisiane 225,374 Baton Rouge
61%
Caroline du Nord 859,035 Charlotte
60%
Mississippi 166,965 Jackson
60%
Nouveau-Mexique 558,545 Albuquerque
59%
Tennessee 652,236 Memphis
58%
Minnesota 422,331 Minneapolis
58%
Tennessee 667,560 Nashville
58%
Maryland 611,648 Baltimore
54%
Californie 1,035,317 San José
54%
Missouri 308,626 St. Louis
52%
Floride 862,062 Jacksonville
50%
Ohio 385,525 Cleveland
49%
Wisconsin 595,351 Milwaukee
49%
Alaska 32,094 Juneau
46%
Kentucky 621,349 Louisville
46%
Nouveau-Mexique 83,776 Santa Fe
45%
Alaska 294,356 Anchorage
44%
Floride 385,430 Tampa
43%
Iowa 217,521 Des Moines
42%
Géorgie 194,058 Columbus
41%
Ohio 879,170 Columbus
41%
Massachusetts 154,758 Springfield
40%
Missouri 167,376 Springfield
40%
Alabama 199,518 Montgomery
39%
Pennsylvania 302,407 Pittsburgh
38%
Ohio 301,301 Cincinnati
37%
Texas 874,168 Fort Worth
37%
Caroline du Nord 464,758 Raleigh
37%
Rhode Island 180,393 Providence
36%
New York 258,612 Buffalo
35%
Virginie 227,032 Richmond
35%
Idaho 226,570 Boise City
34%
Caroline du Sud 134,875 Charleston
33%
Virginie-Occidentale 47,929 Charleston
33%
Caroline du Sud 110,861 North Charleston
33%
Minnesota 306,621 St. Paul
33%
Arizona 533,677 Tucson
33%
Caroline du Nord 244,605 Winston-Salem
33%
Wyoming 63,624 Cheyenne
31%
Arkansas 198,606 Little Rock
31%
Oregon 169,798 Salem
31%
Alabama 210,710 Birmingham
30%
Caroline du Sud 133,114 Columbia
30%
Missouri 121,717 Columbia
30%
Nebraska 466,893 Omaha
30%
Oklahoma 401,800 Tulsa
30%
Colorado 464,474 Colorado Springs
29%
Nebraska 284,736 Lincoln
28%
Nevada 248,853 Reno
28%
Géorgie 197,166 Augusta
27%
Dakota du Nord 72,865 Bismarck
27%
Delaware 33,858 Newark
27%
New Jersey 285,154 Newark
27%
Wisconsin 255,214 Madison
26%
Connecticut 123,400 Hartford
25%
Dakota du Sud 176,888 Sioux Falls
25%
Virginie 450,435 Virginia Beach
25%
Kansas 126,587 Topeka
24%
Kansas 390,591 Wichita
24%
Californie 527,438 Fresno
23%
Delaware 37,538 Dover
21%
New Hampshire 31,398 Dover
21%
Alabama 190,265 Mobile
21%
New Jersey 270,753 Jersey City
19%
New Hampshire 111,196 Manchester
19%
Dakota du Nord 122,359 Fargo
18%
Dakota du Nord 35,708 West Fargo
18%
Montana 109,642 Billings
16%
Alaska 31,644 Fairbanks
15%
Louisiane 126,848 Lafayette
15%
Minnesota 115,733 Rochester
15%
New Hampshire 30,797 Rochester
15%
New York 208,046 Rochester
15%
Géorgie 146,444 Savannah
15%
New Hampshire 43,019 Concord
14%
Oregon 168,916 Eugene
13%
Arizona 496,401 Mesa
13%
Vermont 42,239 Burlington
12%
Indiana 265,904 Fort Wayne
12%
Vermont 19,141 South Burlington
12%
Ohio 276,491 Toledo
12%
Wisconsin 105,116 Green Bay
11%
Kentucky 321,959 Lexington
11%
Connecticut 131,014 New Haven
11%
Floride 263,255 St-Petersburg
11%
Delaware 71,106 Wilmington
11%
Michigan 198,829 Grand Rapids
10%
Caroline du Nord 290,222 Greensboro
10%
Virginie 244,703 Norfolk
10%
Washington 217,108 Spokane
10%
Washington 213,418 Tacoma
10%
Washington 175,673 Vancouver
10%
Ohio 197,846 Akron
9%
Virginie 234,965 Arlington
9%
Colorado 355,623 Aurora
9%
Illinois 200,965 Aurora
9%
Caroline du Nord 267,743 Durham
9%
Alabama 194,585 Huntsville
9%
Arizona 249,950 Scottsdale
9%
New York 143,396 Syracuse
9%
Maine 31,903 Bangor
8%
Connecticut 146,579 Bridgeport
8%
Minnesota 86,066 Duluth
8%
Arkansas 85,257 Fayetteville
8%
Tennessee 187,347 Knoxville
8%
Massachusetts 113,630 Cambridge
7%
Iowa 132,228 Cedar Rapids
6%
Arizona 253,458 Chandler
6%
Indiana 118,930 Evansville
6%
Colorado 165,080 Fort Collins
6%
Nevada 302,539 Henderson
6%
Nouveau-Mexique 101,712 Las Cruces
6%
Dakota du Sud 74,421 Rapid City
6%
Louisiane 192,036 Shreveport
6%
Iowa 82,514 Sioux City
6%
Massachusetts 185,677 Worcester
6%
New York 202,019 Yonkers
6%
Tennessee 179,139 Chattanooga
5%
Hawaï 47,181 Hilo
5%
Idaho 61,076 Idaho Falls
5%
Iowa 75,598 Iowa City
5%
Géorgie 152,663 Macon
5%
Utah 117,335 Provo
5%
Nouveau-Mexique 47,775 Roswell
5%
Minnesota 85,866 Bloomington
4%
Wyoming 57,814 Casper
4%
Virginie 240,397 Chesapeake
4%
Iowa 102,320 Davenport
4%
Pennsylvania 97,369 Erie
4%
Arkansas 88,037 Fort Smith
4%
Oklahoma 122,843 Norman
4%
Illinois 147,051 Rockford
4%
Connecticut 130,824 Stamford
4%
Alabama 100,287 Tuscaloosa
4%
Pennsylvania 121,283 Allentown
3%
Michigan 121,477 Ann Arbor
3%
Mississippi 45,908 Biloxi
3%
Kentucky 67,067 Bowling Green
3%
Indiana 92,198 Carmel
3%
Tennessee 153,205 Clarksville
3%
Missouri 117,306 Independence
3%
Idaho 99,926 Meridian
3%
Montana 73,340 Missoula
3%
Idaho 93,590 Nampa
3%
Illinois 147,682 Naperville
3%
Kansas 191,278 Overland Park
3%
Pennsylvania 88,243 Reading
3%
Indiana 102,245 South Bend
3%
Rhode Island 80,871 Warwick
3%
Dakota du Sud 28,388 Aberdeen
2%
Nebraska 53,424 Bellevue
2%
Washington 144,444 Bellevue
2%
Montana 46,596 Bozeman
2%
Oklahoma 108,303 Broken Arrow
2%
Montana 33,901 Butte
2%
New Jersey 102,450 Edison
2%
New Jersey 130,215 Elizabeth
2%
Maryland 71,408 Frederick
2%
Montana 58,876 Great Falls
2%
Oregon 111,053 Gresham
2%
Mississippi 71,822 Gulfport
2%
Virginie-Occidentale 47,079 Huntington
2%
Illinois 148,462 Joliet
2%
Arkansas 75,866 Jonesboro
2%
Wisconsin 99,877 Kenosha
2%
Louisiane 77,117 Lake Charles
2%
Colorado 154,958 Lakewood
2%
Oklahoma 93,714 Lawton
2%
Massachusetts 111,346 Lowell
2%
Dakota du Nord 47,822 Minot
2%
New Hampshire 88,341 Nashua
2%
Kansas 137,472 Olathe
2%
Kentucky 59,404 Owensboro
2%
Idaho 55,193 Pocatello
2%
Nouveau-Mexique 96,159 Rio Rancho
2%
Maryland 68,401 Rockville
2%
Alaska 8,689 Sitka
2%
Alaska 10,151 Wasilla
2%
Utah 113,905 West Jordan
2%
Utah 136,170 West Valley City
2%
Maine 23,033 Auburn
1%
Vermont 8,659 Barre
1%
Maryland 58,859 Bowie
1%
Kentucky 40,455 Covington
1%
Rhode Island 81,202 Cranston
1%
Rhode Island 47,600 East Providence
1%
Wyoming 30,560 Gillette
1%
Dakota du Nord 57,056 Grand Forks
1%
Nebraska 51,390 Grand Island
1%
Oregon 106,894 Hillsboro
1%
Hawaï 36,513 Kailua
1%
Nebraska 33,835 Kearney
1%
Wyoming 32,306 Laramie
1%
Maine 36,221 Lewiston
1%
Delaware 21,897 Middletown
1%
Virginie-Occidentale 30,547 Morgantown
1%
Caroline du Sud 86,668 Mount Pleasant
1%
Utah 97,839 Orem
1%
Virginie-Occidentale 30,096 Parkersburg
1%
New Jersey 148,678 Paterson
1%
Rhode Island 72,001 Pawtucket
1%
Wisconsin 77,542 Racine
1%
Caroline du Sud 73,068 Rock Hill
1%
Wyoming 23,350 Rock Springs
1%
Delaware 11,584 Smyrna
1%
Arkansas 79,599 Springdale
1%
Michigan 132,631 Sterling Heights
1%
Hawaï 15,313 Wailuku
1%
Michigan 135,022 Warren
1%
Connecticut 108,629 Waterbury
1%
Dakota du Sud 22,222 Watertown
1%
Virginie-Occidentale 27,066 Wheeling
1%
Dakota du Sud 23,938 Brookings
0%
Vermont 10,691 Essex Junction
0%
Maryland 68,710 Gaithersburg
0%
Mississippi 46,377 Hattiesburg
0%
Hawaï 26,337 Kahului
0%
Vermont 15,440 Rutland
0%
Mississippi 54,031 Southaven
0%
Nevada 100,888 Sparks
0%
Aucun quiz correspondant
Distribution des résultats
% des personnes avec chaque résultat
Percentile par nombre de réponses
Votre historique - résultats
Vous n’avez pas pris ce quiz